000 00287nam a22001337a 4500
008 181030b xxu||||| |||| 00| 0 eng d
020 _a9780723431985
041 _aeng
080 _a616.5
100 _a7
101 _aDER
245 _aThe Skin Disease
_cLebwohl, M
942 _2udc
_cBK
999 _c51174
_d51174